Картинки с выставки (Запись № 13634942)

Подробности
000 -МАРКЕР
контрольное поле 02849ncm0a2200457 4500
001 - ИДЕНТИФИКАТОР ЗАПИСИ
контрольное поле RU\NLR\ONIZ\298141
005 - ИДЕНТИФИКАТОР ВЕРСИИ
контрольное поле 20260315072844.0
035 ## - ДРУГИЕ СИСТЕМНЫЕ НОМЕРА
Идентификатор записи (NLR Aleph) 022751050
071 20 - ИЗДАТЕЛЬСКИЙ НОМЕР
Номер, присвоенный агентством М. 12024 Г.
071 20 - ИЗДАТЕЛЬСКИЙ НОМЕР
Номер, присвоенный агентством U. 10109 E.
100 ## - ДАННЫЕ ОБЩЕЙ ОБРАБОТКИ
Данные общей обработки 20230522d1931 u y0rusy50 ca
101 0# - ЯЗЫК РЕСУРСА
Язык текста, звукозаписи и т.д. русский
102 ## - СТРАНА ПУБЛИКАЦИИ ИЛИ ПРОИЗВОДСТВА
Страна публикации российская федерация
-- австрия
-- германия
125 ## - ПОЛЕ КОДИРОВАННЫХ ДАННЫХ: ЗВУКОЗАПИСИ И НОТНЫЕ ИЗДАНИЯ
Форма изложения нотного текста a|
128 ## - ПОЛЕ КОДИРОВАННЫХ ДАННЫХ: МУЗЫКАЛЬНАЯ ФОРМА, ТОНАЛЬНОСТЬ И ЛАД
Музыкальная форма pg
145 0# - ПОЛЕ КОДИРОВАННЫХ ДАННЫХ: СРЕДСТВО ИСПОЛНЕНИЯ МУЗЫКАЛЬНОГО ПРОИЗВЕДЕНИЯ (УСТАРЕВШЕЕ)
Тип средства исполнения b
200 1# - ЗАГЛАВИЕ И СВЕДЕНИЯ ОБ ОТВЕТСТВЕННОСТИ
Основное заглавие Картинки с выставки
Общее обозначение материала Ноты
Параллельное заглавие Tableaux d'une exposition
Сведения, относящиеся к заглавию для фортепиано
Язык параллельного заглавия французский
Первые сведения об ответственности М. Мусоргский
Последующие сведения об ответственности редакция П. Ламма
203 ## - ВИД СОДЕРЖАНИЯ И ТИП СРЕДСТВА
Вид содержания Музыка
Дополнительные сведения об издании знаковая
-- визуальная
Тип средства непосредственная
210 ## - ПУБЛИКАЦИЯ, РАСПРОСТРАНЕНИЕ И ДР.
Место издания, распространения и т.д. Москва
Имя издателя, распространителя и т. д. Государственное музыкальное издательство
Место издания, распространения и т.д. Wien
-- Leipzig
Имя издателя, распространителя и т. д. Universal-Edition A. G.
Дата издания, распространения и т.д. 1931
215 ## - ФИЗИЧЕСКАЯ ХАРАКТЕРИСТИКА
Специфическое обозначение материала и объем 42 с.
Размеры 32 см
225 1# - СЕРИЯ
Основное заглавие серии Полное собрание сочинений
Сведения об ответственности М. Мусоргский ; редакция П. Ламм[а]
Обозначение тома т. 8, вып. 2
300 ## - ОБЩИЕ ПРИМЕЧАНИЯ
Текст примечания Публикация цикла М. Мусоргского было приурочено к 50-летию со дня его смерти
300 ## - ОБЩИЕ ПРИМЕЧАНИЯ
Текст примечания Предисл. П. Ламма: с. 3-4
313 ## - ПРИМЕЧАНИЯ, ОТНОСЯЩИЕСЯ К ТЕМАТИЧЕСКОМУ ДОСТУПУ
Текст примечания Систематизация документа проведена по изданию - Методика классифицирования музыкальных произведений (нотных изданий) по таблицам Библиотечно-библиографических классификаций : метод. рекомендации / Гос. б-ка СССР им. В.И. Ленина.- М., 1977. Индексу ББК методических рекомендаций присваивается код ББК для научных библиотек - LBC/SL
606 1# - НАИМЕНОВАНИЕ ТЕМЫ КАК ПРЕДМЕТ
Наименование темы Фортепианная музыка русская
Хронологический подзаголовок 19 в.
Формальный подзаголовок Ноты
Код системы nlr_sh
606 1# - НАИМЕНОВАНИЕ ТЕМЫ КАК ПРЕДМЕТ
Наименование темы Музыкальные произведения для фортепиано
Географический подзаголовок Россия
Хронологический подзаголовок 19 в.
Формальный подзаголовок Ноты
Код системы nlr_sh
606 1# - НАИМЕНОВАНИЕ ТЕМЫ КАК ПРЕДМЕТ
Наименование темы Циклы характерных и лирических пьес для фортепиано
Географический подзаголовок Россия
Хронологический подзаголовок 19-20 вв.
Формальный подзаголовок Ноты
Код системы nlr_sh
686 0# - ИНДЕКСЫ ДРУГИХ КЛАССИФИКАЦИЙ
Индекс Щ954.2-054(28)
700 #1 - ИМЯ ЛИЦА - ПЕРВИЧНАЯ ОТВЕТСТВЕННОСТЬ
Системный номер авторитетной/нормативной записи z01790
Начальный элемент ввода Мусоргский
Часть имени, кроме начального элемента ввода М. П.
Даты 1839-1881
Расширение инициалов личного имени Модест Петрович
Код отношения Композитор
Графика поля Кириллица
702 #1 - ИМЯ ЛИЦА - ВТОРИЧНАЯ ОТВЕТСТВЕННОСТЬ
Системный номер авторитетной/нормативной записи z02790
Начальный элемент ввода Ламм
Часть имени, кроме начального элемента ввода П. А.
Даты 1882-1951
Расширение инициалов личного имени Павел Александрович
Код отношения Редактор
-- Автор введения, предисловия, примечания и т.п.
Графика поля Кириллица
790 #1 - ИМЯ ЛИЦА - АЛЬТЕРНАТИВНАЯ ФОРМА
Системный номер авторитетной/нормативной записи z01700
Начальный элемент ввода Musorgskij
Часть имени, кроме начального элемента ввода M. P.
Даты 1839-1881
Расширение инициалов личного имени Modest Petrovič
Код отношения Композитор
Графика поля Латинская
790 #1 - ИМЯ ЛИЦА - АЛЬТЕРНАТИВНАЯ ФОРМА
Системный номер авторитетной/нормативной записи z02702
Начальный элемент ввода Lamm
Часть имени, кроме начального элемента ввода P. A.
Даты 1882-1951
Расширение инициалов личного имени Pavel Aleksandrovič
Код отношения Редактор
-- Автор введения, предисловия, примечания и т.п.
Графика поля Латинская
801 #0 - ИСТОЧНИК ЗАПИСИ
Страна российская федерация
Организация NLR
Дата составления 20230522
Правила каталогизации PSBO
801 #1 - ИСТОЧНИК ЗАПИСИ
Страна российская федерация
Организация NLR
Дата составления 20230522
Источник данных rusmarc
801 #2 - ИСТОЧНИК ЗАПИСИ
Страна российская федерация
Организация NLR
Дата составления 20230522
852 ## - МЕСТОНАХОЖДЕНИЕ И ШИФР ХРАНЕНИЯ
Идентификатор организации NLR
Шифр хранения (Call Number) М К-4/6469
Идентификатор единицы 273945
Номер экземпляра 1
942 ## - ДОПОЛНИТЕЛЬНЫЕ ЭЛЕМЕНТЫ ЗАПИСИ (АБИС)
Тип экземпляра АБИС Ноты
980 ## - КОЛЛЕКЦИЯ
Название коллекции Отдел нот и звукозаписей
980 ## - КОЛЛЕКЦИЯ
Название коллекции Национальная библиография

Нет доступных экземпляров.